Les Marques Françaises Les Plus Puissantes - Statistiques

Statistiques générales
  • Ce quiz a été pris 306 fois
  • Le résultat moyen est 5 sur 10
Statistiques - réponses
Rang Catégorie Marque % Correct
1 Luxe Louis Vuitton
83%
8 Luxe Dior
77%
3 Luxe Chanel
73%
4 Hygiène - Beauté L’Oréal Paris
51%
2 Luxe Hermès
50%
6 Télécommunication Orange
49%
10 Distribution Carrefour
45%
9 Luxe Cartier
16%
7 Hygiène - Beauté Garnier
16%
5 Hygiène - Beauté Lancôme
7%
Aucun quiz correspondant
Distribution des résultats
% des personnes avec chaque résultat
Percentile par nombre de réponses
Votre historique - résultats
Vous n’avez pas pris ce quiz